| 000 | 00415nam a2200169Ia 4500 | ||
|---|---|---|---|
| 003 | LK-CoDNM | ||
| 008 | 010623t xxu||||| |||| 00| 1 eng d | ||
| 040 |
_aLK-CoDNM _dLK-CoDNM _eLK-CoDNM |
||
| 041 | _aeng | ||
| 080 | _a(x)91(026) | ||
| 100 | _aFernando, Mervyn | ||
| 245 | _aMoonstone Guide to Ceylon Sri Lanka | ||
| 260 | _bMervyn Fernando | ||
| 300 | _b150p, 18 cm | ||
| 700 | _aPeris, Harrison | ||
| 942 | _cBK | ||
| 999 |
_c135040 _d135040 |
||